Letztplatzierte der Fairnesstabelle der Bundesliga - Statistiken

Allgemein
  • Dieses Quiz wurde 64 mal gespielt
    40 seit der letzten Aktualisierung
  • Das Durchschnittsergebnis liegt bei 49 aus 62
Antwortstatistiken
Saison Verein % Korrekt
1966/67 FCK, BVB, FRA, 1860 München
97%
1984/85 Eintracht Braunschweig, VfB Stuttgart
95%
2004/05 Hamburger SV
95%
2014/15 Hamburger SV
95%
1972/73 HSV, H96, MSV, SVW, Kickers Offenbach
95%
1969/70 Rot-Weiß Oberhausen, FC Bayern München
95%
1964/65 VfB Stuttgart
95%
1996/97 VfB Stuttgart
95%
2012/13 VfB Stuttgart
95%
1971/72 Borussia Dortmund
92%
1979/80 Borussia Dortmund
92%
1980/81 Borussia Dortmund
92%
1993/94 Borussia Dortmund
92%
1999/00 Borussia Dortmund
92%
1970/71 Eintracht Frankfurt
92%
2010/11 Eintracht Frankfurt
92%
2015/16 Eintracht Frankfurt
92%
2016/17 Eintracht Frankfurt
92%
2017/18 Eintracht Frankfurt
92%
2020/21 Eintracht Frankfurt
92%
2022/23 FC Augsburg
89%
2018/19 FC Schalke 04
89%
1963/64 1. FC Kaiserslautern
86%
1965/66 1. FC Kaiserslautern
86%
1986/87 1. FC Kaiserslautern
86%
1987/88 1. FC Kaiserslautern
86%
1973/74 1. FC Köln
86%
1989/90 1. FC Köln
86%
2009/10 1. FC Köln
86%
2011/12 1. FC Köln
86%
2019/20 1. FC Köln
86%
2023/24 1. FSV Mainz 05
86%
2003/04 Hertha BSC
86%
2021/22 TSG 1899 Hoffenheim
86%
1990/91 FC St. Pauli
84%
1985/86 Hannover 96
84%
2013/14 Hannover 96
84%
2024/25 Holstein Kiel
81%
1978/79 Arminia Bielefeld
78%
2002/03 VfL Wolfsburg
78%
1977/78 TSV 1860 München
76%
1997/98 TSV 1860 München
76%
1992/93 VfL Bochum
76%
2008/09 VfL Bochum
76%
1982/83 Bayer 04 Leverkusen
73%
1995/96 Bayer 04 Leverkusen
73%
2000/01 Bayer 04 Leverkusen
73%
2006/07 Bayer 04 Leverkusen
73%
1994/95 Karlsruher SC
70%
1968/69 Kickers Offenbach
68%
1975/76 Kickers Offenbach
68%
1991/92 FC Hansa Rostock
65%
1998/99 FC Hansa Rostock
65%
1981/82 MSV Duisburg
62%
2005/06 MSV Duisburg
62%
2007/08 MSV Duisburg
62%
2001/02 FC Energie Cottbus
59%
1983/84 SV Waldhof Mannheim
46%
1988/89 SV Waldhof Mannheim
46%
1967/68 Borussia Neunkirchen
38%
1974/75 Wuppertaler SV
38%
1976/77 Tennis Borussia Berlin
24%
Keine übereinstimmenden Quizze gefunden
Verteilung der Resultate
Anzahl Personen mit jedem Resultat
Perzentil nach korrekt beantworteten Fragen
Ihre Resultats-Entwicklung
Sie haben dieses Quiz seit der letzten Aktualisierung nicht gespielt